00614 a2200193 4500001000700000020001800007040002200025041001600047082001300063100003500076245006400111260004700175300001100222362001300233697005400246942000700300952009400307999001900401139007 a9788574066912 cLeonardo Da Vinci aPortuguês aI Q3bQ3 aRODRIGUES, André... [et al.] aQuem manda aqui?bum livro sobre política para crianças bCompanhia das Letrinhasc2022aSão Paulo a[48] p a20220000 aPolíticaaDemocraciaaLiteratura infantojuvenil cBK 00104070a73.1b73.1d2024-03-27l0oI Q3pG010384r2024-03-27 22:40:43w2024-03-27yBK c139007d139007